000 00616cam a2200217 4500
001 B2568
008 090401t1989 xxu||||| |||| 00| 0 eng d
035 _a(Sirsi) u50900
041 _aeng
050 _a333.0062
090 _aRICS 1989/56AB
110 _aRoyal Institution of Chartered Surveyors
_94900
245 _aMaking land & buildings work better for people
260 _aLondon
_bRoyal Institution of Chartered Surveyors
_c1989
300 _a1 folded sheet (6p.) ; 21x10cm.
350 _a0
650 _aABOUT RICS-RICS MEMBERS
650 _aPUBLICITY LEAFLETS
942 _n0
948 _c04/03/1997
999 _c92768
_d92768